00520nam a22001577a 450000500170000000800410001704100080005808200190006610000170008511000170010224500300011926000530014930000270020236500220022950001110025120230727114056.0230727b |||||||| |||| 00| 0 eng d aeng a729.7bKAR/NAW aKarve S ed.  aNawale R ed. aHealth Care - At Its Best aPunebBNCA M Arch Environment Architecturec2014 a184 PbPBc28.5 x 19.5 aINRb1.00cRupaye aJahangir Hospital Case Study Ruby Hall Case Study Design Program Site Analysis Hospital Design Option 1